| 000 | 00517nam a2200193Ia 4500 | ||
|---|---|---|---|
| 001 | 21787 | ||
| 003 | GE_BSU | ||
| 008 | 181216s||||||||xx |||||||||||||| ||und|| | ||
| 040 | _cGE_BSU | ||
| 080 | _aპერიოდიკა | ||
| 245 | _aParis Match, du 8 AU 15 Decembre. №3578. 2017 | ||
| 260 | _aParis | ||
| 260 | _c2017 | ||
| 300 | _a140p. 30 cm. ill. | ||
| 653 | _aParis Match, du 8 AU 15 Decembre. №3578. 2017 | ||
| 653 | _aПериодика | ||
| 653 | _aპერიოდიკა | ||
| 942 | _cCR | ||
| 999 |
_c54720 _d54720 |
||